Every Ski Slope At Steamboat, Colorado - Statistics

General Stats
  • This quiz has been taken 9 times
  • The average score is 29 of 171
Answer Stats
Difficulty Slope % Correct
⬛️⬛️ Christmas Tree Bowl
100%
⬛️⬛️ Chute 1
100%
⬛️⬛️ Chute 3
100%
⬛️⬛️ Chute 2
75%
⬛️⬛️ East Face
75%
⬛️⬛️ North St. Pats
75%
🟦⬛️ 1/2 Hitch
50%
⬛️ Alarm Clock
50%
🟢 Broadway
50%
🟦 Cowboy Coffee
50%
🟦 High Noon
50%
⬛️ Hurricane
50%
🟦 Moonlight
50%
🟦⬛️ Norther
50%
🟦 One O’Clock
50%
🟢 Right O’Way
50%
⬛️ See Me
50%
⬛️⬛️ The Gully
50%
⬛️ Three O’Clock
50%
⬛️ Tornado
50%
🟦⬛️ Two O’Clock
50%
⬛️ Voo Doo
50%
🟢 Arc
25%
⬛️ B.C. Liftline
25%
🟢 BC Ski Way
25%
🟦 Big Foot
25%
🟦 Blizzard
25%
🟢 Boulevard
25%
🟦 Calf Roper
25%
🟦 Cheesy Grits
25%
⬛️ Closets
25%
⬛️ Concentration
25%
⬛️ Cyclone
25%
⬛️ Drop Out
25%
🟦 Flintlock
25%
⬛️ Flying Z
25%
🟦 Frying Pan
25%
🟢 Giggle Gulch
25%
⬛️ Gravy
25%
🟦 Heavenly Daze
25%
🟦 Highline
25%
⬛️ Hot Cakes
25%
⬛️ Huevos
25%
⬛️ Jump Start
25%
⬛️ Kuus’ Cruise
25%
🟦 Lightning
25%
🟦 Lower High Noon
25%
⬛️ Lower Valley View
25%
⬛️ Morningside Liftline
25%
⬛️ Mother Nature
25%
⬛️ Nash Junction
25%
⬛️ Nelson’s Run
25%
⬛️⬛️ No Names
25%
⬛️ Oops
25%
🟦 Over Easy
25%
⬛️ Pony Express Liftline
25%
🟦 Rainbow
25%
🟢 Rendezvous Way
25%
⬛️ Rolex
25%
🟦 Rudi’s Run
25%
⬛️ Shadows
25%
🟦 Sitz
25%
🟢 Sitzback
25%
⬛️ Storm Peak South
25%
⬛️ Sundown Liftline
25%
🟦⬛️ Sunnyside
25%
🟦 Sunshine Lift Line
25%
🟦⬛️ Surprise
25%
⬛️ Ted’s Ridge
25%
🟢 Tomohawk
25%
🟦 Tornado Lane
25%
⬛️ Triangle 3
25%
⬛️ Twister
25%
⬛️ Typhoon
25%
🟦 Vagabond
25%
⬛️ Valley View
25%
🟦 Velvet
25%
⬛️ Vertigo
25%
🟦 Vogue
25%
⬛️ Vortex
25%
⬛️ Westside
25%
⬛️ White Out
25%
🟢 Why Not
25%
⬛️ All Out
0%
⬛️ Ambush
0%
🟦 Baby Powder
0%
🟦 Bail Out
0%
🟦 Bashor
0%
🟦⬛️ Bear Claw
0%
🟦 Between
0%
🟦 Betwixt
0%
🟦 Big Meadow
0%
⬛️ Biscuits
0%
⬛️ Blackpowder
0%
🟦 Buckshot
0%
🟦 Buddy’s Run
0%
⬛️ Bugs’ Run
0%
⬛️ Cabin Fever
0%
🟦⬛️ Chaps
0%
⬛️ Chuckwagon
0%
⬛️ Corridor
0%
⬛️ Crowtrack
0%
🟦 Cub
0%
⬛️ Dawn
0%
🟦 Daybreak
0%
⬛️ Diamond Hitch
0%
⬛️ Distraction
0%
🟦 Dusk
0%
🟦 Eagle’s Nest
0%
🟦⬛️ Eclipse
0%
🟦 Ego
0%
🟦 Fawn
0%
⬛️ Fetcher Glade
0%
⬛️ First Chance
0%
🟢 Flatout
0%
🟦⬛️ Flying Z Gulch
0%
⬛️ Fool’s Gold
0%
⬛️ Four Points Lift Line
0%
🟢 Greenhorn Ranch
0%
🟦 Headwall
0%
🟦 Huffman’s
0%
🟦 Jess’ Cut-Off
0%
🟦 Kit
0%
🟦 Lariat
0%
⬛️ Last Chance
0%
⬛️ Lights Out
0%
🟦⬛️ Longhorn
0%
🟦 Lower Concentration
0%
🟦 Meadow Lane
0%
⬛️ Middle Rib
0%
⬛️ Outlaw
0%
🟢 Park Lane
0%
⬛️ Perry Park
0%
⬛️ Pressure Drop
0%
🟦 Pup
0%
🟦 Quickdraw
0%
🟦 Ramrod
0%
🟦 Rooster
0%
🟢 Rough Rider
0%
🟦 Rowel
0%
⬛️ Royal Flush
0%
🟢 Short Cut
0%
⬛️ Sideburn
0%
🟦⬛️ Skeeter’s Run
0%
🟦 Skidaddle
0%
🟦 Skyline
0%
🟦 Snooze Bar
0%
🟢 South Peak Flats
0%
🟢 So What
0%
🟦 Spike
0%
🟢 Spur Run
0%
🟢 Stampede
0%
⬛️ Storm Peak Catwalk
0%
⬛️ Storm Peak North
0%
🟢 Sundial
0%
🟦⬛️ Sunset
0%
🟢 Swinger
0%
⬛️ The Ridge
0%
🟦 Tomahawk Face
0%
🟦 Tower
0%
🟦 Traverse
0%
🟦 Trick Roper
0%
⬛️ Twilight
0%
⬛️ Wake Up Call
0%
🟦 Wapiti
0%
🟢 Wild Blue Way
0%
⬛️ WJW
0%
🟢 Yoo Hoo
0%
No matching quizzes found
Score Distribution
Percent of People with Each Score
Percentile by Number Answered
Your Score History
You have not taken this quiz